Statistics for Partially Recognized Countries

Click here to take the quiz!

General Stats

  • This quiz has been taken 78,317 times
    (62,469 since last reset)
  • The average score is 8 of 13

Answer Stats

Degree of recognitionUN memberJetPunkAnswer% Correct
Not recognized by North KoreaYesSouth Korea
93%
Not recognized by 28 mostly-Islamic countriesYesIsrael
81%
Recognized by 14 countriesNoTaiwan
76%
Not recognized by 55 countriesObserverPalestine
74%
Not recognized by TurkeyYesCyprus
72%
Not recognized by South Korea, Japan, and FranceYesNorth Korea
66%
Recognized by 97 countriesNoKosovo
60%
Not recognized by the countries that recognize the aboveYesChina
58%
Recognized only by TurkeyNoNorthern Cyprus
44%
Recognized by 41, mostly-African countriesNoWestern Sahara
42%
Not recognized by PakistanYesArmenia
38%
Recognized by Russia, Nicaragua, Venezuela, Nauru, and SyriaNoSouth Ossetia
28%
Recognized by Russia, Nicaragua, Venezuela,
Nauru, Syria, and Vanuatu
NoAbkhazia
24%

Score Distribution

Percentile by Number Answered

Percent of People with Each Score

Your Score History

You have not taken this quiz since the last reset